01153nam a2200277 i 4500003000900000005001700009007000300026008004100029020001800070040003000088082000700118100003300125245031200158264003400470300004200504336002700546337003300573338002700606490003300633490002700666504003200693700003000725700002900755700004300784700004800827DO-SdBNP20230706100202.0ta230706b2022 dr d|||| |||| 00| 0 spa d a9789945625172 aDO-SdBNPbspacBNPHUerda 4222 aHiraldo Trejo, Reynaeautora10aUso de las herramientas tecnológicas para el proceso de formación virtual en las universidades de la República Dominicana en el marco del COVID-19 /cReyna Hiraldo Trejo, Elizabeth Filpo Estrella y Dakeisi Perdomo Espinal ; edición Lennys Tejada Betancourt ; corrección de estilo Luisa Hernández 1aSanto Domingo :bUAPA,c2022. a106 páginas :bgráficos ;c23 cm. 2rdacontentatextobtxt 2rdamediaasin mediaciónbn 2rdacarrieravolumenbn aLibros de investigaciónv8 aEducación y sociedad aBibliografía : p. 103-1061 aFilpo Estrella, Elizabeth1 aPerdomo Espinal, Dakeisi1 aTejada Bethancourt, Lennys,eedición1 aHernández, Luisa,ecorrección de estilo